000 00516nam a2200169Ia 4500
999 _c20863
_d20863
003 OSt
005 20200609144812.0
008 190216s9999||||xx |||||||||||||| ||und||
020 _a8185395101
040 _coclc
082 _a355.00934
_bCHA/A
100 _aChakravarti, P C
_92697
245 4 _aThe Art Of War In Ancient India /
_cP C Chakravarti
260 _bA Venture Of Low Price Publications,
_c1989.
_aDelhi:
300 _a212p
942 _cBK
_2ddc
_h355.00934
_iCHA/A
_k355.00934
_mCHA/A